| 000 | 01776nam a2200361 c 4500 | ||
|---|---|---|---|
| 999 |
_c174520 _d174520 |
||
| 003 | BLK | ||
| 005 | 20220531131956.0 | ||
| 008 | 180411b bul|||||r ||||||| ||bul|| | ||
| 010 | _aKNG00183006000 | ||
| 040 | _aBLK | ||
| 041 |
_aBUL _cBUL |
||
| 080 |
_aЕкология. Етология. Животни и окръжаваща среда. Биономия - Отношение към пространството(жилища, ареал за разпространение), аклиматизация към местата за живеене, плътност на популациите, хранене _b591.5 _z591.5 |
||
| 080 |
_aРиби, Pisces. Ихтиология. Вж и 639.2 _b597.1/.5 _z597.1/.5 |
||
| 100 | 1 |
_aХас, Ханс _eпърви автор _9136456 |
|
| 139 |
_aХас, Ханс _bХ 30 |
||
| 245 | 1 | 0 |
_aНие идваме от морето _cХанс Хас; прев. от нем. Розалия Вълчанова, Николай Николов Йовчев. |
| 257 | _aDEU | ||
| 260 |
_bДърж. изд. _c1966 _aВарна |
||
| 300 |
_a204 с. _bс ил., 30 л. ил. _c21 см |
||
| 380 | _a5 | ||
| 490 |
_aБиблиотека Нептун _v1966, Кн. 1 _9205192 |
||
| 500 | _aНаблюдения и изследвания в подводния свят. | ||
| 650 | 4 |
_aХидробиология _9176469 |
|
| 653 | _aподводен свят | ||
| 653 | _aизследвания | ||
| 700 | 1 |
_aВълчанова, Розалия _eпрев. от нем. _9313865 |
|
| 700 | 1 |
_aЙовчев, Николай Николов _eпрев. от нем. _9380367 |
|
| 852 |
_aЦб 37349 _bЦб |
||
| 856 | 4 | _qpdf | |
| 856 | 4 | _qpdf | |
| 942 |
_cKNG _n0 _s1 |
||
| 944 |
_aCR _c30.09.2015 _kПравда_Бадева |
||
| 944 |
_aED _c28.09.2017 _kВася_Ганчева |
||
| 944 |
_aED _c2022-05-31 _kВП |
||
| 999 | _d174520 | ||